Welcome to the Holygrace Academy Library

Please use search bar below to get started

THE LAST LECTURE:LESSONS IN LIVING (Record no. 6904)

MARC details
000 -LEADER
fixed length control field 00670nam a22001577a 4500
020 ## - INTERNATIONAL STANDARD BOOK NUMBER
ISBN 978-0-3409-7773-6
082 ## - DEWEY DECIMAL CLASSIFICATION NUMBER
Classification number 100
Item number PAU/L
100 ## - MAIN ENTRY--AUTHOR NAME
Personal name PAUSCH/RANDY
245 ## - TITLE STATEMENT
Title THE LAST LECTURE:LESSONS IN LIVING
246 ## - VARYING FORM OF TITLE
Title proper/short title THE LAST LECTURE:LESSONS IN LIVING
Remainder of title THE LAST LECTURE:LESSONS IN LIVING
260 ## - PUBLICATION, DISTRIBUTION, ETC. (IMPRINT)
Place of publication UK
Name of publisher HODDER & STOUGHTOM
Year of publication 2012
300 ## - PHYSICAL DESCRIPTION
Number of Pages 207
520 ## - SUMMARY, ETC.
Summary, etc 1-Sentence-Summary: The Last Lecture is a college professor's final message to the world before his impending death of cancer at a relatively young age, offering meaningful life advice, significant words of wisdom, and a great deal of optimism and hope for humanity.
650 ## - SUBJECT ADDED ENTRY--TOPICAL TERM
Topical Term STORY
942 ## - ADDED ENTRY ELEMENTS (KOHA)
Koha item type Books
Holdings
Withdrawn status Lost status Collection code Home library Current library Shelving location Date acquired Source of acquisition Cost, normal purchase price Full call number Accession Number Koha item type
    Fiction Main Library Main Library NEW SHELF WITH NEW ENTRY 26/10/2023 Purchase 350.00 100 PAU/L 13286 Books